|
|
|
|
| LEADER |
00000cam a2200000 7i4500 |
| 001 |
0000016090 |
| 005 |
20080422.0 |
| 008 |
080421 |
| 020 |
|
|
|a 9831241916
|
| 090 |
0 |
0 |
|a 646.48
|b KOM
|
| 245 |
1 |
0 |
|a Kompilasi anggun bertudung
|c Penyelenggara Norlizawati Yaacob
|
| 260 |
|
|
|a Selangor :
|b Alaf 21 ,
|c 2006
|
| 650 |
|
0 |
|a Clothing and dress
|x Religious sapeek
|x Islam
|
| 650 |
|
0 |
|a Fashion
|
| 650 |
|
0 |
|a Fearves
|
| 700 |
0 |
|
|a Norlizawati Yaacob
|
| 999 |
|
|
|a 0001013083
|b Book
|c Adult Collection
|e Perbadanan Perpustakaan Awam Johor
|
| 999 |
|
|
|a 0001013084
|b Book
|c Adult Collection
|e Perbadanan Perpustakaan Awam Johor
|
| 999 |
|
|
|a 0001017781
|b Book
|c Adult Collection
|e Perbadanan Perpustakaan Awam Johor
|
| 999 |
|
|
|a 0001070599
|b Book
|c Adult Collection
|e Cawangan Taman Sri Lambak
|